003230000a22001090004500090001700000245008400017041001400101100002900115942001300144773003900157999001700196 aAsbSeriadas10aPassifloraceaesPassiflora, subgeneros: Tacsonia, Rathea, Manicata y Distephana0 aEspañol1 aEscabar, Linda K.999884 cARTICULO1 tFlora de Colombiah10q1-139d1988 c15623d15623